Statistics for 20 Cities on a World Map #5

Click here to take the quiz!

General Stats

  • This quiz has been taken 740 times
  • The average score is 16 of 20

Answers on the Map

Answers color-coded by a green-red scale on the quiz's map according to % correct below.
 

Answer Stats

City% Correct
Madrid
98%
Mexico City
98%
Athens
97%
Paris
97%
Lima
94%
Ankara
93%
Manchester
93%
Bangkok
90%
Pyongyang
89%
Riga
89%
Auckland
87%
Riyadh
87%
Shanghai
87%
Dakar
77%
Kathmandu
74%
Abidjan
58%
Mombasa
52%
Ahmedabad
50%
Denpasar
44%
Mandalay
38%

Score Distribution

Percentile by Number Answered

Percent of People with Each Score

Your Score History

You have not taken this quiz